| 000 | 00690nam a22002057a 4500 | ||
|---|---|---|---|
| 999 |
_c19912 _d19912 |
||
| 003 | AR-CdUCM | ||
| 008 | 190523b ||||| |||| 00| 0 spa d | ||
| 040 |
_aMUNICIPALIDAD PROVINCIAL DEL CUSCO _cBIBLIOTECA MUNICIPAL DEL CUSCO |
||
| 082 |
_2153 / _aB79 |
||
| 100 |
_aBozzano,Ernesto _941624 |
||
| 245 |
_aCerebro y pensamientos : _bY otras monografias / |
||
| 260 |
_aBuenos Aires : _bKier, _c1962. |
||
| 300 |
_a94 páginas _c19 cm. |
||
| 505 | _aContenido: Cerebro y pensamiento -- El objeto de la vida -- En defensa del alma... | ||
| 650 |
_aEspiritualismo _93309 |
||
| 650 |
_aReflexiones _93812 |
||
| 650 |
_aAnimismo _917157 |
||
| 942 |
_2ddc _cLIBROS |
||
| 945 |
_aJavier _d2019-05-23 |
||